[Event "EU-Cup 37th"]
[Site "Mayrhofen"]
[Date "2022.10.04"]
[Round "2.4"]
[White "Volokitin, Andrei"]
[Black "Thorhallsson, Throstur"]
[Result "1-0"]
[WhiteElo "2645"]
[BlackElo "2396"]
[PlyCount "71"]
[EventDate "2022.10.03"]
[EventType "team-swiss"]
[EventRounds "7"]
[EventCountry "AUT"]
[SourceTitle "CBM 210 Extra"]
[Source "ChessBase"]
[SourceDate "2022.11.30"]
[SourceVersion "1"]
[SourceVersionDate "2022.11.30"]
[SourceQuality "1"]
[WhiteTeam "Ljubljana Tajfun"]
[BlackTeam "Reykjavik"]
[WhiteTeamCountry "SLO"]
[BlackTeamCountry "ISL"]

1. e4 c5 2. Nf3 d6 3. d4 cxd4 4. Nxd4 Nf6 5. Nc3 Nc6 6. f3 e6 7. Be3 Be7 8. Qd2 0-0 9. 0-0-0 a6 10. g4 Nxd4 11. Bxd4 Nd7 12. h4 b5 13. g5 b4 14. Na4 Rb8 15. Kb1 Bb7 16. g6 fxg6 17. h5 Bg5 18. Qg2 Qe7 19. hxg6 h6 20. Bc4 Rbc8 21. Bb3 Bc6 22. Nb6 Nxb6 23. Bxb6 Bf4 24. Rh5 Kh8 25. Bf2 Bb5 26. Bh4 Qe8 27. Qg4 Be2 28. Rg1 d5 29. Re1 Bc4 30. exd5 Bxb3 31. axb3 e5 32. Rf5 Qb5 33. Rxf8+ Rxf8 34. d6 Bd2 35. Rh1 Be3 36. Be7 1-0

[Event "ISL-ch"]
[Site "Selfoss"]
[Date "2022.05.01"]
[Round "9"]
[White "Thorhallsson, Throstur"]
[Black "Thorhallsson, Simon"]
[Result "1/2-1/2"]
[WhiteElo "2422"]
[BlackElo "2252"]
[PlyCount "61"]
[EventDate "2022.04.21"]
[EventType "tourn"]
[EventRounds "9"]
[EventCountry "ISL"]
[EventCategory "7"]
[SourceTitle "CBM 208 Extra"]
[Source "ChessBase"]
[SourceDate "2022.07.31"]
[SourceVersion "1"]
[SourceVersionDate "2022.07.31"]
[SourceQuality "1"]

1. e4 c5 2. Nf3 d6 3. d4 cxd4 4. Nxd4 Nf6 5. Nc3 a6 6. h3 e5 7. Nde2 h5 8. g3 Be7 9. Bg2 b5 10. a4 b4 11. Nd5 a5 12. c3 Na6 13. Nxe7 Qxe7 14. Bg5 Nc5 15. c4 Bb7 16. f3 Ne6 17. Be3 h4 18. g4 g5 19. Qd2 Nd7 20. b3 Ndc5 21. Rb1 f6 22. 0-0 0-0 23. Rfd1 Rfd8 24. Kh2 Rac8 25. Rb2 Kg7 26. Qe1 Rd7 27. Bf2 Rh8 28. Be3 Bc6 29. Nc1 Rhd8 30. Bf1 Ba8 31. Qf2 1/2-1/2

[Event "ISL-ch"]
[Site "Selfoss"]
[Date "2022.04.26"]
[Round "6"]
[White "Kjartansson, Gudmundur"]
[Black "Thorhallsson, Throstur"]
[Result "1/2-1/2"]
[WhiteElo "2430"]
[BlackElo "2422"]
[PlyCount "74"]
[EventDate "2022.04.21"]
[EventType "tourn"]
[EventRounds "9"]
[EventCountry "ISL"]
[EventCategory "7"]
[SourceTitle "CBM 208 Extra"]
[Source "ChessBase"]
[SourceDate "2022.07.31"]
[SourceVersion "1"]
[SourceVersionDate "2022.07.31"]
[SourceQuality "1"]

1. c4 e6 2. g3 d5 3. Bg2 Nf6 4. Nf3 Be7 5. d4 0-0 6. Nc3 dxc4 7. Ne5 c5 8. dxc5 Qxd1+ 9. Nxd1 Bxc5 10. 0-0 Nc6 11. Bxc6 bxc6 12. Be3 Bb6 13. Bxb6 axb6 14. Nc3 Nd5 15. Nxc6 Nxc3 16. bxc3 Bb7 17. Nb4 Rfd8 18. Rfd1 Kf8 19. Kf1 Ke7 20. Ke1 g5 21. Rxd8 Rxd8 22. Rb1 g4 23. Rd1 Rc8 24. Kd2 Rc5 25. Nc2 Ra5 26. a3 Be4 27. Ne3 b5 28. Nxg4 Rxa3 29. Ne3 Kd6 30. f3 Bg6 31. Nc2 Bxc2 32. Kxc2+ Kc6 33. Rd8 Ra2+ 34. Kd1 Ra1+ 35. Kd2 Ra2+ 36. Kd1 Ra1+ 37. Kd2 Ra2+ 1/2-1/2

[Event "ISL-ch"]
[Site "Selfoss"]
[Date "2022.04.25"]
[Round "5"]
[White "Heimisson, Hilmir Freyr"]
[Black "Thorhallsson, Throstur"]
[Result "0-1"]
[WhiteElo "2321"]
[BlackElo "2422"]
[PlyCount "110"]
[EventDate "2022.04.21"]
[EventType "tourn"]
[EventRounds "9"]
[EventCountry "ISL"]
[EventCategory "7"]
[SourceTitle "CBM 208 Extra"]
[Source "ChessBase"]
[SourceDate "2022.07.31"]
[SourceVersion "1"]
[SourceVersionDate "2022.07.31"]
[SourceQuality "1"]

1. d4 Nf6 2. c4 e6 3. Nf3 d5 4. g3 Bb4+ 5. Nbd2 0-0 6. Bg2 Nbd7 7. 0-0 c6 8. Qc2 Be7 9. Rd1 b6 10. e4 Ba6 11. b3 Rc8 12. Bb2 c5 13. e5 Ne8 14. Rac1 cxd4 15. Qd3 Nc7 16. Qxd4 f5 17. h4 f4 18. Nf1 Bc5 19. Qd2 fxg3 20. Nxg3 Qe7 21. Bd4 Bb7 22. Qg5 Qf7 23. Qe3 h6 24. Rc3 Ba8 25. h5 Bb4 26. Rcd3 Nc5 27. Bxc5 Bxc5 28. Qe2 Qf4 29. Nd4 Qh4 30. Nf1 Rf4 31. Rh3 Qe7 32. Nf3 Rcf8 33. N1h2 R8f5 34. Qd3 Qf7 35. Rd2 Rxh5 36. Rxh5 Qxh5 37. Qe2 Qf5 38. Rd3 g5 39. Kh1 g4 40. Ne1 h5 41. Rd1 Rxf2 42. Qd3 Qxd3 43. Nxd3 Rxg2 44. Kxg2 dxc4+ 45. Kg3 cxd3 46. Rxd3 Nd5 47. Nf1 Bc6 48. Nd2 Bb5 49. Nc4 Kg7 50. a4 Bxc4 51. bxc4 Ne7 52. Rd7 a5 53. Kf4 Kh6 54. Rd2 Ng6+ 55. Ke4 h4 0-1

[Event "ISL-ch"]
[Site "Selfoss"]
[Date "2022.04.22"]
[Round "2"]
[White "Thorhallsson, Throstur"]
[Black "Mai, Alexander Oliver"]
[Result "1/2-1/2"]
[WhiteElo "2422"]
[BlackElo "2177"]
[PlyCount "70"]
[EventDate "2022.04.21"]
[EventType "tourn"]
[EventRounds "9"]
[EventCountry "ISL"]
[EventCategory "7"]
[SourceTitle "CBM 208 Extra"]
[Source "ChessBase"]
[SourceDate "2022.07.31"]
[SourceVersion "1"]
[SourceVersionDate "2022.07.31"]
[SourceQuality "1"]

1. e4 e5 2. Nf3 Nc6 3. Bc4 Nf6 4. d3 Bc5 5. c3 a6 6. 0-0 d6 7. Bb3 Ba7 8. Re1 0-0 9. h3 h6 10. Be3 Bxe3 11. Rxe3 Re8 12. Nbd2 Be6 13. d4 Bxb3 14. Qxb3 Rb8 15. Rae1 Nd7 16. Nf1 Nf8 17. Ng3 g6 18. h4 Kg7 19. h5 Qe7 20. Rd1 Red8 21. Qc4 Nh7 22. b4 exd4 23. cxd4 d5 24. exd5 Qxb4 25. Qc5 Qxc5 26. dxc5 Nf6 27. d6 cxd6 28. cxd6 Rd7 29. hxg6 fxg6 30. Nd4 Nxd4 31. Rxd4 Rbd8 32. f3 Kf7 33. Red3 Ke6 34. Re3+ Kf7 35. Red3 Ke6 1/2-1/2

[Event "Reykjavik Kvika op"]
[Site "Reykjavik"]
[Date "2022.04.11"]
[Round "8"]
[White "Thorhallsson, Throstur"]
[Black "Mai, Alexander Oliver"]
[Result "1-0"]
[WhiteElo "2422"]
[BlackElo "2177"]
[PlyCount "165"]
[EventDate "2022.04.06"]
[EventType "swiss"]
[EventRounds "9"]
[EventCountry "ISL"]
[SourceTitle "CBM 207 Extra"]
[Source "ChessBase"]
[SourceDate "2022.05.31"]
[SourceVersion "1"]
[SourceVersionDate "2022.05.31"]
[SourceQuality "1"]

1. e4 c5 2. Nf3 d6 3. d4 cxd4 4. Nxd4 Nf6 5. Nc3 a6 6. a4 e5 7. Nb3 Be7 8. Be2 0-0 9. Be3 Nc6 10. 0-0 Nb4 11. Bg5 Be6 12. Re1 Rc8 13. Bf1 Qc7 14. Nc1 Rfd8 15. Nd3 Nc6 16. Rc1 Qa5 17. Bd2 Qc7 18. Bg5 Qa5 19. Bd2 Qc7 20. h3 d5 21. exd5 Nxd5 22. Nxd5 Bxd5 23. Bc3 f6 24. Qg4 Bd6 25. Rcd1 Qf7 26. Nc1 Ne7 27. Rd2 h5 28. Qd1 Bc5 29. Nd3 Bd6 30. Bb4 Bxb4 31. Nxb4 a5 32. Nxd5 Rxd5 33. Rxd5 Nxd5 34. c3 Nb6 35. Re3 Nc4 36. Re2 Rc6 37. Qd8+ Qf8 38. Qd5+ Qf7 39. Qd8+ Qf8 40. Qd3 Qf7 41. b3 Nd6 42. c4 Qe6 43. Rd2 b6 44. Qf3 e4 45. Qxh5 e3 46. Rd5 exf2+ 47. Kxf2 Rc8 48. Bd3 f5 49. Qf3 Re8 50. Kg1 g6 51. Kh2 Nf7 52. Qf4 Qe1 53. c5 Ne5 54. cxb6 Kg7 55. Qd4 Kf7 56. b7 Nf3+ 57. gxf3 Qd2+ 58. Kg3 Qg5+ 59. Qg4 Qe3 60. Rxf5+ gxf5 61. Qxf5+ Kg7 62. Qg6+ Kf8 63. Qf6+ Kg8 64. Bc4+ Kh7 65. Qf7+ Kh8 66. Qh5+ Kg7 67. Qg4+ Kh8 68. Qf4 Qe1+ 69. Kg4 Qg1+ 70. Kh5 Qc5+ 71. Qg5 Qd6 72. Qh6+ Qxh6+ 73. Kxh6 Re6+ 74. Kg5 Rb6 75. Bd5 Kg7 76. f4 Kf8 77. f5 Kg7 78. f6+ Kf8 79. h4 Ke8 80. h5 Kf8 81. h6 Rb4 82. b8Q+ Rxb8 83. h7 1-0

[Event "Reykjavik Kvika op"]
[Site "Reykjavik"]
[Date "2022.04.10"]
[Round "6"]
[White "Thorhallsson, Throstur"]
[Black "Cramling Bellon, Anna"]
[Result "1-0"]
[WhiteElo "2422"]
[BlackElo "2057"]
[PlyCount "91"]
[EventDate "2022.04.06"]
[EventType "swiss"]
[EventRounds "9"]
[EventCountry "ISL"]
[SourceTitle "CBM 207 Extra"]
[Source "ChessBase"]
[SourceDate "2022.05.31"]
[SourceVersion "1"]
[SourceVersionDate "2022.05.31"]
[SourceQuality "1"]

1. e4 c5 2. Nf3 e6 3. c3 Nf6 4. e5 Nd5 5. g3 Nc6 6. Bg2 d6 7. exd6 Bxd6 8. 0-0 0-0 9. d4 cxd4 10. Nxd4 Nxd4 11. Qxd4 Qb6 12. Qd3 Bd7 13. Nd2 Bb5 14. c4 Nb4 15. Qe2 Bc6 16. Ne4 Be7 17. a3 Bxe4 18. Qxe4 Nc6 19. b4 Bf6 20. Be3 Qc7 21. Rad1 Rfd8 22. c5 a6 23. Bf3 Qe5 24. a4 Qxe4 25. Bxe4 Rxd1 26. Rxd1 Rd8 27. Rb1 Bd4 28. b5 axb5 29. axb5 Na5 30. c6 Bxe3 31. fxe3 f5 32. Bf3 bxc6 33. bxc6 Rc8 34. Rc1 Rc7 35. Rc5 Nb3 36. Rb5 Nd2 37. Rb8+ Kf7 38. Rb7 Nxf3+ 39. Kf2 Ne5 40. Rxc7+ Kf8 41. Rxg7 Nxc6 42. Rxh7 Ne5 43. h3 Nd3+ 44. Kf3 Kg8 45. Rc7 e5 46. Rd7 1-0

[Event "Reykjavik Blitz op"]
[Site "Reykjavik"]
[Date "2022.01.29"]
[Round "3"]
[White "Andersen, Mads"]
[Black "Thorhallsson, Throstur"]
[Result "1-0"]
[WhiteElo "2570"]
[BlackElo "2414"]
[PlyCount "42"]
[EventDate "2022.01.29"]
[EventType "swiss (blitz)"]
[EventRounds "11"]
[EventCountry "ISL"]
[SourceTitle "CBM 206 Extra"]
[Source "ChessBase"]
[SourceDate "2022.03.31"]
[SourceVersion "1"]
[SourceVersionDate "2022.03.31"]
[SourceQuality "1"]

1. d4 d5 2. c4 e6 3. Nf3 Nf6 4. g3 Be7 5. Bg2 0-0 6. 0-0 dxc4 7. Ne5 Nc6 8. Nxc6 bxc6 9. Na3 Rb8 10. Nxc4 c5 11. Na5 Rb6 12. Nc6 Qe8 13. Nxe7+ Qxe7 14. dxc5 Rb5 15. Qa4 Qxc5 16. Be3 Qb4 17. Qxb4 Rxb4 18. Bc5 Rxb2 19. Bxf8 Kxf8 20. Rab1 Rxb1 21. Rxb1 Ke8 1-0

[Event "Reykjavik Blitz op"]
[Site "Reykjavik"]
[Date "2022.01.29"]
[Round "8"]
[White "Machlik, Monika"]
[Black "Thorhallsson, Throstur"]
[Result "0-1"]
[WhiteElo "2134"]
[BlackElo "2414"]
[PlyCount "92"]
[EventDate "2022.01.29"]
[EventType "swiss (blitz)"]
[EventRounds "11"]
[EventCountry "ISL"]
[SourceTitle "CBM 206 Extra"]
[Source "ChessBase"]
[SourceDate "2022.03.31"]
[SourceVersion "1"]
[SourceVersionDate "2022.03.31"]
[SourceQuality "1"]

1. d4 Nf6 2. c4 e6 3. Nc3 d5 4. cxd5 exd5 5. Bg5 c6 6. e3 Be7 7. Qc2 Nbd7 8. Bd3 Nh5 9. Bxe7 Qxe7 10. Nf3 Nf4 11. Bf1 0-0 12. 0-0-0 Ng6 13. Bd3 Re8 14. h4 Ngf8 15. Ng5 Nf6 16. Rde1 Bd7 17. h5 h6 18. Nf3 Ne4 19. Ne5 Nxc3 20. Qxc3 Rac8 21. Kb1 c5 22. Qa3 c4 23. Bc2 Qxa3 24. bxa3 Be6 25. g4 Nd7 26. Nxd7 Bxd7 27. Rhg1 Rc6 28. g5 Kf8 29. gxh6 Rxh6 30. Rg5 Be6 31. Reg1 Ke7 32. f4 Reh8 33. f5 Bd7 34. Rxg7 Rxh5 35. Kb2 Rh2 36. R1g2 Rxg2 37. Rxg2 Rh5 38. Rf2 Kf6 39. Kc3 a5 40. Rf1 Rh3 41. Kd2 Rh2+ 42. Kc3 Re2 43. Rf3 b5 44. Rg3 b4+ 45. axb4 axb4+ 46. Kb2 Ba4 0-1

[Event "ISL-ch"]
[Site "Gardabaer"]
[Date "2020.08.23"]
[Round "2"]
[White "Thorhallsson, Throstur"]
[Black "Kjartansson, Gudmundur"]
[Result "0-1"]
[WhiteElo "2430"]
[BlackElo "2466"]
[PlyCount "63"]
[EventDate "2020.08.22"]
[EventType "tourn"]
[EventRounds "9"]
[EventCountry "ISL"]
[EventCategory "6"]
[SourceTitle "CBM 198 Extra"]
[Source "ChessBase"]
[SourceDate "2020.11.30"]
[SourceVersion "1"]
[SourceVersionDate "2020.11.30"]
[SourceQuality "1"]

1. e4 c5 2. Nc3 d6 3. d4 cxd4 4. Qxd4 Nc6 5. Qd2 g6 6. b3 Bh6 7. f4 Nf6 8. Bb2 e5 9. g3 0-0 10. 0-0-0 exf4 11. Kb1 Bg4 12. Re1 Ne5 13. gxf4 Bf3 14. Bg2 Bxf4 15. Qf2 Nfg4 16. Qf1 Ne3 17. Rxe3 Bxg2 18. Qxf4 Bxh1 19. Rg3 f5 20. exf5 Qd7 21. f6 Qe6 22. Ne4 Bxe4 23. Qxe4 Rxf6 24. Qxb7 Rf1+ 25. Bc1 Raf8 26. Kb2 Qf6 27. Qd5+ Rf7 28. Qd4 Nc4+ 29. Kc3 Qxd4+ 30. Kxd4 Rxc1 31. Kxc4 Rxc2+ 32. Kd5 0-1

[Event "ISL-chT1 1920"]
[Site "Reykjavik"]
[Date "2019.10.05"]
[Round "3.1"]
[White "Thorhallsson, Throstur"]
[Black "Ragnarsson, Dagur"]
[Result "1-0"]
[WhiteElo "2419"]
[BlackElo "2388"]
[PlyCount "65"]
[EventDate "2019.10.03"]
[EventType "team-tourn"]
[EventRounds "9"]
[EventCountry "ISL"]
[SourceTitle "CBM 195 Extra"]
[Source "ChessBase"]
[SourceDate "2020.05.31"]
[SourceVersion "1"]
[SourceVersionDate "2020.05.31"]
[SourceQuality "1"]
[WhiteTeam "Skakfelagidj Huginn"]
[BlackTeam "Skakdeild Fjolnis"]
[WhiteTeamCountry "ISL"]
[BlackTeamCountry "ISL"]

1. e4 c5 2. Nf3 e6 3. d4 cxd4 4. Nxd4 Nc6 5. Nc3 Qc7 6. a3 a6 7. Be3 b5 8. Nxc6 Qxc6 9. Bd3 Bb7 10. 0-0 Nf6 11. f3 Bc5 12. Qe1 0-0 13. Kh1 Bxe3 14. Qxe3 d6 15. Ne2 Rfd8 16. Ng3 Qc5 17. Qe1 Qd4 18. Rb1 Nd7 19. Rf2 d5 20. exd5 Bxd5 21. Rd1 Qh4 22. Qe3 Rdb8 23. Rfd2 Nb6 24. b3 Qe7 25. Qd4 g6 26. Ra1 f5 27. c4 bxc4 28. bxc4 e5 29. Qc3 Rc8 30. Qa5 Bxf3 31. gxf3 Nxc4 32. Bxc4+ Rxc4 33. Qd5+ 1-0

[Event "Akureyri Icelandic op"]
[Site "Akureyri"]
[Date "2019.05.27"]
[Round "4"]
[White "Gretarsson, Helgi Ass"]
[Black "Thorhallsson, Throstur"]
[Result "1/2-1/2"]
[WhiteElo "2433"]
[BlackElo "2435"]
[PlyCount "117"]
[EventDate "2019.05.25"]
[EventType "swiss"]
[EventRounds "9"]
[EventCountry "ISL"]
[SourceTitle "CBM 190 Extra"]
[Source "ChessBase"]
[SourceDate "2019.07.15"]
[SourceVersion "1"]
[SourceVersionDate "2019.07.15"]
[SourceQuality "1"]

1. d4 Nf6 2. c4 e6 3. Nc3 d5 4. Bf4 Be7 5. e3 0-0 6. Nf3 dxc4 7. Bxc4 a6 8. 0-0 b5 9. Bd3 Bb7 10. Qc2 Nbd7 11. a4 b4 12. Ne4 Rc8 13. Nxf6+ Nxf6 14. Qe2 a5 15. Rfd1 Qd5 16. Bg5 Bd6 17. Bxf6 gxf6 18. e4 Qh5 19. Ba6 Bxa6 20. Qxa6 Kh8 21. Kh1 Rg8 22. Rg1 Rcd8 23. Rae1 Bf4 24. Qe2 c5 25. g3 Bb8 26. dxc5 Qxc5 27. Rc1 Qb6 28. Rc2 Qb7 29. Rgc1 Qd7 30. Rc6 Qd3 31. Qxd3 Rxd3 32. Kg2 Rgd8 33. R6c5 Be5 34. R1c2 b3 35. Re2 Ra8 36. Nxe5 fxe5 37. Rxe5 Rd4 38. Rb5 Rxa4 39. Rxb3 Rd8 40. Rb7 Kg7 41. Ra7 Rb8 42. Re3 Rab4 43. Rf3 R8b7 44. Rxa5 Rxe4 45. b3 Reb4 46. Ra3 h6 47. Kf1 Kg6 48. Ke2 R4b5 49. Kd2 Rh5 50. h4 Rd5+ 51. Rd3 Rf5 52. f3 Rfb5 53. Kc2 Rc5+ 54. Kb2 Re5 55. Ra4 Re2+ 56. Kc3 Rg2 57. g4 Rh2 58. h5+ Kg5 59. Rc4 1/2-1/2